Land Acquisition, Rehabilitation Policy (Record no. 18831)

MARC details
000 -LEADER
fixed length control field 00656nam a2200241 a 4500
020 ## - INTERNATIONAL STANDARD BOOK NUMBER
ISBN
082 00 - DEWEY DECIMAL CLASSIFICATION NUMBER
Classification number 333.31
Author Cutter NAT
100 ## - MAIN ENTRY--AUTHOR NAME
Author name National Centre For Advocacy S,
245 ## - TITLE STATEMENT
Title Land Acquisition, Rehabilitation Policy
Sub title Issues and Perspectives
260 ## - PUBLICATION, DISTRIBUTION, ETC. (IMPRINT)
Place of publication Pune
Name of publisher Nationalcentre for Advocacy St.
Year of publication 1999
300 ## - PHYSICAL DESCRIPTION
Number of Pages 137p
500 ## - GENERAL NOTE
General note includes index and biblioraphy
505 2# - FORMATTED CONTENTS NOTE
Formatted contents note Index
650 ## - SUBJECT ADDED ENTRY--TOPICAL TERM
Topical Term Land Reforms
942 ## - ADDED ENTRY ELEMENTS (KOHA)
Koha item type Books
700 1# -
-- National Centre For Advocacy S,
Holdings
Collection code Home library Current library Date acquired Cost, normal purchase price Full call number Accession Number Koha item type
  Henry Martyn Institute Library Henry Martyn Institute Library 05/01/2007 100.00 333.31 NAT 11000798 Books
                   Copyright © 2026 | Henry Martyn Institute | Hyderabad | TS-500052 | INDIA | Implemented by hmi.edu.in
Hit-Count:

Powered by Koha